000
00293nam a2200121Ia 4500
008
230303s9999 xx 000 0 und d
041
_a
eng
082
_a
621.3815 SED
100
_a
SEDHA (R.S.)
245
_a
A Text Book of Applied Electronics
260
_a
new delhi
_b
S.Chand
365
_c
RS
999
_c
177029
_d
177029